[Event "Adelaide Lidums op"]
[Site "Adelaide"]
[Date "2018.12.10"]
[Round "2"]
[White "Retnaraja, Ethan"]
[Black "Karayiannis, Riley"]
[Result "1/2-1/2"]
[WhiteElo "1376"]
[BlackElo "1616"]
[PlyCount "82"]
[EventDate "2018.12.10"]
[EventType "swiss"]
[EventRounds "9"]
[EventCountry "AUS"]
[SourceTitle "EXT 2020"]
[Source "ChessBase"]
[SourceDate "2019.10.17"]
[SourceVersion "1"]
[SourceVersionDate "2019.10.17"]
[SourceQuality "1"]

1. Nf3 g6 2. c4 Bg7 3. g3 Nf6 4. Bg2 0-0 5. Nc3 d6 6. b4 a5 7. b5 e5 8. Bb2 Nbd7 9. 0-0 Nc5 10. d3 Bd7 11. e4 Qc8 12. Ba3 b6 13. Re1 Bh3 14. Bh1 h5 15. Nh4 Ne6 16. Qd2 Nd4 17. Ne2 Nxe2+ 18. Rxe2 Ng4 19. f3 Bh6 20. Qe1 Nf6 21. Bc1 Bxc1 22. Qxc1 Kg7 23. Bg2 Bxg2 24. Rxg2 Qe6 25. f4 Nd7 26. f5 Qe7 27. Qe3 g5 28. Rf1 f6 29. Ng6 Qf7 30. Nxf8 Rxf8 31. h4 g4 32. Rc2 Re8 33. a4 Nc5 34. Ra1 Nb3 35. Rb1 Nd4 36. Rc3 Qf8 37. Kg2 Kh7 38. Rb2 Rd8 39. Rf2 Qh6 40. Qe1 Qf8 41. Qa1 Qf7 1/2-1/2